| 000 -LEADER |
| fixed length control field |
00297nam a2200121 4500 |
| 003 - CONTROL NUMBER IDENTIFIER |
| control field |
OSt |
| 005 - DATE AND TIME OF LATEST TRANSACTION |
| control field |
20210622133552.0 |
| 008 - FIXED-LENGTH DATA ELEMENTS--GENERAL INFORMATION |
| fixed length control field |
210622b ||||| |||| 00| 0 eng d |
| 020 ## - INTERNATIONAL STANDARD BOOK NUMBER |
| International Standard Book Number |
9780804841191 |
| 082 ## - DEWEY DECIMAL CLASSIFICATION NUMBER |
| Classification number |
736.982 |
| 245 ## - TITLE STATEMENT |
| Title |
Origami odyssey : a journey to the edge of paperfolding |
| 942 ## - ADDED ENTRY ELEMENTS (KOHA) |
| Source of classification or shelving scheme |
|